[Event "St Denis op 21st"]
[Site "St Denis"]
[Date "2019.10.20"]
[Round "7"]
[White "Vaast, Jean"]
[Black "Cavillot Delestage, Raphael"]
[Result "0-1"]
[WhiteElo "1355"]
[BlackElo "1056"]
[PlyCount "34"]
[EventDate "2019.10.20"]
[EventType "swiss"]
[EventRounds "9"]
[EventCountry "RUF"]
[SourceTitle "EXT 2021"]
[Source "ChessBase"]
[SourceDate "2020.10.23"]
[SourceVersion "1"]
[SourceVersionDate "2020.10.23"]
[SourceQuality "1"]

1. Nf3 Nf6 2. d3 d6 3. Nbd2 e5 4. g3 b6 5. Bg2 Bb7 6. b3 Nbd7 7. Bb2 Be7 8. 0-0 0-0 9. Re1 Nc5 10. e4 Re8 11. a3 a5 12. b4 axb4 13. axb4 Rxa1 14. Qxa1 Na6 15. b5 Nc5 16. d4 Ncxe4 17. Rxe4 Nxe4 0-1

[Event "FRA-chT2 0910"]
[Site "France"]
[Date "2009.11.22"]
[Round "4.8"]
[White "Vaast, Jean"]
[Black "Billard, Isabelle"]
[Result "1-0"]
[WhiteElo "1533"]
[BlackElo "1428"]
[PlyCount "99"]
[EventDate "2009.09.27"]
[EventType "team-tourn"]
[EventRounds "11"]
[EventCountry "FRA"]
[SourceTitle "EXT 2011"]
[Source "ChessBase"]
[SourceDate "2010.11.26"]
[SourceVersion "1"]
[SourceVersionDate "2010.11.26"]
[SourceQuality "1"]

1. b4 e5 2. Bb2 Nc6 3. b5 Nd4 4. e3 Ne6 5. Bxe5 d6 6. Bb2 Nf6 7. c4 g6 8. Nf3 Bg7 9. Be2 0-0 10. 0-0 Bd7 11. Nc3 c6 12. a4 Qc7 13. d4 Rfe8 14. Qc2 Rad8 15. Rfd1 Bc8 16. Nd2 Nd7 17. Rab1 Rf8 18. Ba3 f5 19. Bf3 Nf6 20. Qb3 Kh8 21. Ne2 Rf7 22. Rdc1 Ng5 23. b6 Nxf3+ 24. Nxf3 axb6 25. Qxb6 d5 26. Nf4 Qxb6 27. Rxb6 Ne4 28. cxd5 cxd5 29. Nxd5 Bf8 30. Bxf8 Rdxf8 31. Ne5 Rg7 32. f3 Ng5 33. Nc3 Rc7 34. Nd3 Re8 35. Kf2 Ne6 36. Rbb1 Kg7 37. Nb5 Rxc1 38. Rxc1 Rd8 39. Nb4 Kf8 40. d5 Ng5 41. Rc7 Nf7 42. Na7 Nd6 43. Rxh7 Bd7 44. Nb5 Nxb5 45. axb5 Bxb5 46. Rxb7 Bc4 47. e4 fxe4 48. fxe4 Kg8 49. Ke3 Rf8 50. d6 1-0